| 000 | 01089nam0a22002531i 4500 | ||
|---|---|---|---|
| 001 | rc\884333 | ||
| 005 | 20240723124428.0 | ||
| 035 | _a(NLR Aleph) 006061530 | ||
| 090 |
_a4914326 _c4914326 |
||
| 100 | _a20041129d1984 u |0rusy50 ca | ||
| 101 | 0 | _arus | |
| 102 | _aRU | ||
| 105 | _aa ||||||||| | ||
| 200 | 1 |
_aНаучные основы совершенствования системы смазки и улучшения условий работы узлов трения автомобилей и тракторов _e(На примере эксплуатации в РСФСР) _eАвтореф. дис. на соиск. учен. степ. д. т. н. |
|
| 210 |
_aМ. _d1984 |
||
| 215 |
_a34 с. _cграф. |
||
| 300 | _aВ надзаг.: Моск. ин-т инженеров с.-х. пр-ва им. В.П. Горячкина | ||
| 320 | _aСписок работ авт.: с. 33-34 | ||
| 333 | _aДСП | ||
| 700 | 1 |
_aГаевик _bД.Т. _gДмитрий Тихонович |
|
| 801 | 0 |
_aRU _bNLR _gpsbo |
|
| 801 | 1 |
_aRU _bELAR _2rusmarc |
|
| 852 |
_aNLR _j84-50К/4790 |
||
| 942 | _cBOOK | ||